000 01207cad a22002415a 4500
001 E148135
008 090804s2009 xxk f f000 0 eng d
020 _a9781409817390
035 _a(Sirsi) u148135
041 0 _aeng
050 0 4 _a711.1 $2 18
110 2 _aUnited Kingdom
_bDepartment for Communities and Local Government
_94939
245 0 0 _aCommunity infrastructure levy
_bdetailed proposals and draft regulations for the introduction of the community infrastructure levy, consultation
_h[electronic resource]
260 _aLondon
_bDCLG
_c2009
520 _aSeeks views on proposals for the introduction of a Community Infrastructure Levy (CIL), which was contained within the Planning Act 2008. The CIL will be a levy on development which local authorities will be able to set to help fund infrastructure developments.
520 _aDeadline for comments is 23 October 2009.
521 _aAdvanced
590 _aKA NTK
651 4 _aEngland and Wales
_y1543-
690 _aPlanning and development
_96259
856 4 0 _uhttps://www.communities.gov.uk/publications/planningandbuilding/communitylevyconsultation
_zView the consultation free of charge at www.communities.gov.uk...
942 _n0
999 _c109902
_d109902